La nueva economía del conocimiento (Registro nro. 6775)
[ vista simple ]
| 000 -LEADER | |
|---|---|
| fixed length control field | 01126cam a2200253 a 4500 |
| 003 - CONTROL NUMBER IDENTIFIER | |
| control field | OSt |
| 005 - DATE AND TIME OF LATEST TRANSACTION | |
| control field | 20200803121421.0 |
| 008 - FIXED-LENGTH DATA ELEMENTS--GENERAL INFORMATION | |
| fixed length control field | 020212s2001 ck r 000 0 spa d |
| 020 ## - INTERNATIONAL STANDARD BOOK NUMBER | |
| International Standard Book Number | 9588087627 |
| 040 ## - CATALOGING SOURCE | |
| Original cataloging agency | CO-BoPUJ |
| Transcribing agency | CO-JMCR |
| 041 0# - LANGUAGE CODE | |
| Language code of text/sound track or separate title | spa |
| 082 04 - DEWEY DECIMAL CLASSIFICATION NUMBER | |
| Classification number | 340.0285 / |
| Item number | C911n |
| Edition number | 23 |
| 100 1# - MAIN ENTRY--PERSONAL NAME | |
| Personal name | Cárdenas, Manuel José |
| Relator term | autor |
| 9 (RLIN) | 8244 |
| 245 13 - TITLE STATEMENT | |
| Title | La nueva economía del conocimiento |
| Statement of responsibility, etc. | Manuel José Cárdenas |
| 260 ## - PUBLICATION, DISTRIBUTION, ETC. | |
| Place of publication, distribution, etc. | Bogotá : |
| Name of publisher, distributor, etc. | Gustavo Ibáñez, |
| Date of publication, distribution, etc. | 2001. |
| 300 ## - PHYSICAL DESCRIPTION | |
| Extent | 217 páginas ; |
| Dimensions | 24 cm. |
| 505 0# - FORMATTED CONTENTS NOTE | |
| Formatted contents note | Hacia una nueva economía basada en el conocimiento -- Marco normativo para la nueva economía -- Implicaciones de la nueva economía en varias ramas del derecho |
| 520 0# - SUMMARY, ETC. | |
| Summary, etc. | Bajo el nombre genérico de la nueva economía del conocimiento el autor examina los cambios que están operando con la sociedad de la información y la economía del conocimiento. |
| 650 24 - SUBJECT ADDED ENTRY--TOPICAL TERM | |
| Topical term or geographic name entry element | Comercio electrónico |
| General subdivision | Legislación |
| 9 (RLIN) | 8245 |
| 650 24 - SUBJECT ADDED ENTRY--TOPICAL TERM | |
| Topical term or geographic name entry element | Tecnología de la información |
| General subdivision | Aspectos económicos |
| 9 (RLIN) | 8246 |
| 650 24 - SUBJECT ADDED ENTRY--TOPICAL TERM | |
| Topical term or geographic name entry element | Conocimiento |
| General subdivision | Aspectos económicos |
| 9 (RLIN) | 8247 |
| 650 24 - SUBJECT ADDED ENTRY--TOPICAL TERM | |
| Topical term or geographic name entry element | Derecho y economía |
| 9 (RLIN) | 5681 |
| 942 ## - ADDED ENTRY ELEMENTS (KOHA) | |
| Source of classification or shelving scheme | Dewey Decimal Classification |
| Koha item type | Books |
| Withdrawn status | Lost status | Source of classification or shelving scheme | Damaged status | Not for loan | Home library | Current library | Shelving location | Date acquired | Source of acquisition | Total Checkouts | Full call number | Barcode | Date last seen | Copy number | Price effective from | Koha item type |
|---|---|---|---|---|---|---|---|---|---|---|---|---|---|---|---|---|
| Dewey Decimal Classification | Biblioteca Pública José María del Castillo y Rada | Biblioteca Pública José María del Castillo y Rada | General Stacks | 04/15/2018 | Donación | 340.0285 / C911n | 201809935 | 05/16/2024 | Ej.1 | 04/15/2018 | Books |